[Event "1st CRO junior liga"]
[Site "Sveti Filip i Jakov"]
[Date "2018.04.03"]
[Round "2.3"]
[White "Kanizaj, Benjamin"]
[Black "Fiskus, Eva"]
[Result "1-0"]
[WhiteElo "1940"]
[BlackElo "1294"]
[PlyCount "51"]
[EventDate "2018.??.??"]
[WhiteClock "1:30:00"]
[BlackClock "1:30:00"]

1. e4 e5 2. Nf3 Nc6 3. d4 f6 4. dxe5 fxe5 5. Bc4 Nf6 6. O-O d6 7. Ng5 Qe7 8.
Nc3 h6 9. Nd5 Nxd5 10. Qh5+ Kd7 11. Bxd5 Qf6 12. f4 g6 13. Qg4+ Ke7 14. f5 Qg7
15. Ne6 Bxe6 16. Bxe6 gxf5 17. Qxf5 Nd4 18. Qf7+ Qxf7 19. Bxf7 Nxc2 20. Rb1 Bg7
21. Bb3 Rhf8 22. Bxc2 Rxf1+ 23. Kxf1 Rf8+ 24. Ke2 c5 25. b4 b6 26. a4 1-0

[Event "1st CRO junior liga"]
[Site "Sveti Filip i Jakov"]
[Date "2018.04.03"]
[Round "2.5"]
[White "Pavcevic, Bruno"]
[Black "Levacic, Matej"]
[Result "1-0"]
[WhiteElo "2028"]
[BlackElo "1893"]
[PlyCount "129"]
[EventDate "2018.??.??"]
[WhiteClock "1:29:00"]
[BlackClock "1:30:00"]

1. e4 c6 2. b3 d5 3. exd5 cxd5 4. Bb2 Nc6 5. Nf3 Bg4 6. h3 Bxf3 7. Qxf3 e6 8.
Be2 Nf6 9. O-O Bd6 10. c4 d4 11. a3 a5 12. d3 Qe7 13. g3 O-O 14. Qg2 e5 15. Bf3
Qc7 16. Nd2 Nd7 17. Bd5 Nc5 18. Qf3 Kh8 19. Rab1 f5 20. Qe2 Rae8 21. Ba1 Nd7
22. Bb2 Nf6 23. Bg2 Qe7 24. b4 axb4 25. axb4 Bxb4 26. Nb3 Ra8 27. f4 e4 28. Kh2
Rad8 29. Rfd1 e3 30. Bxc6 bxc6 31. Nxd4 Qd7 32. Nf3 Qe7 33. Ne5 Qe6 34. Qxe3
Nd7 35. Qf3 Nxe5 36. Bxe5 c5 37. Ra1 Rd7 38. Ra8 Rfd8 39. Rxd8+ Rxd8 40. Qb7
Qd7 41. Qb6 Ra8 42. h4 h6 43. d4 Ra2+ 44. Kh3 Kh7 45. Qc7 Qxc7 46. Bxc7 cxd4
47. Rxd4 Rc2 48. h5 Bc5 49. Rd5 Rxc4 50. Rxf5 Bd4 51. Bd6 Bf6 52. Kg4 Rc3 53.
Be5 Rc6 54. Bxf6 gxf6 55. Ra5 Rc3 56. Ra7+ Kg8 57. Kf5 Rxg3 58. Kxf6 Rf3 59. f5
Rb3 60. Kg6 Kf8 61. Ra8+ Ke7 62. f6+ Ke6 63. Re8+ Kd7 64. f7 Rb6+ 65. Kg7 1-0

[Event "1st CRO junior liga"]
[Site "Sveti Filip i Jakov"]
[Date "2018.04.03"]
[Round "2.6"]
[White "Jankovic, Antonio"]
[Black "Erenda, Bruno"]
[Result "0-1"]
[WhiteElo "1792"]
[BlackElo "1967"]
[PlyCount "80"]
[EventDate "2018.??.??"]
[WhiteClock "1:30:00"]
[BlackClock "1:30:00"]

1. d4 d5 2. c4 e6 3. Nc3 Nf6 4. Bg5 Be7 5. cxd5 Nxd5 6. Bxe7 Qxe7 7. e3 O-O 8.
Qc2 Nc6 9. Nf3 Rd8 10. a3 e5 11. Be2 exd4 12. exd4 Nxc3 13. bxc3 Re8 14. O-O
Bg4 15. Ra2 Qf6 16. Rb2 b6 17. Qa4 Bd7 18. Qb3 Re7 19. Bd3 Rd8 20. Qc2 h6 21.
Rbb1 Rde8 22. Rfe1 Qd6 23. a4 Qa3 24. Rxe7 Rxe7 25. Nd2 Na5 26. Bb5 Be6 27. Re1
Bf5 28. Qc1 Rxe1+ 29. Qxe1 Qxc3 30. h3 Be6 31. d5 Bxd5 32. Qe8+ Kh7 33. Nf1 Be6
34. Qb8 c6 35. Be2 Qe1 36. Bd3+ g6 37. Qxa7 Nc4 38. Qa6 Nd2 39. g4 Bd5 40. Kh2
Qxf2# 0-1

[Event "1st CRO junior liga"]
[Site "Sveti Filip i Jakov"]
[Date "2018.04.03"]
[Round "2.7"]
[White "Cavlovic, Viktor"]
[Black "Birkic, Josip"]
[Result "0-1"]
[WhiteElo "1742"]
[BlackElo "1781"]
[PlyCount "116"]
[EventDate "2018.??.??"]
[WhiteClock "1:30:00"]
[BlackClock "1:30:00"]

1. e4 c6 2. d4 d5 3. Nc3 dxe4 4. Nxe4 Bf5 5. Ng3 Bg6 6. Nf3 Nd7 7. h4 h6 8. Bd3
Bxd3 9. Qxd3 Ngf6 10. Ne5 Nxe5 11. dxe5 Qa5+ 12. Qc3 Qxc3+ 13. bxc3 Nd5 14. Bd2
e6 15. O-O Be7 16. Ne4 Nb6 17. Rab1 O-O-O 18. Bf4 Nc4 19. Rfd1 Rxd1+ 20. Rxd1
Bxh4 21. Rd4 b5 22. Nd6+ Nxd6 23. exd6 Kd7 24. Be3 Bf6 25. Rd3 a6 26. f3 Rb8
27. Bc5 Bd8 28. Kf1 Bb6 29. Ba3 c5 30. Bc1 Rc8 31. Bf4 Rc6 32. Ke2 c4 33. Rd1
Bc5 34. Be5 f6 35. Bg3 Bxd6 36. Bf2 Ke7 37. Rh1 Be5 38. Bd4 Bxd4 39. cxd4 c3
40. Kd3 Rc4 41. f4 Kd6 42. g3 Kd5 43. Re1 Ra4 44. Ra1 b4 45. Rb1 g5 46. fxg5
hxg5 47. g4 e5 48. Rf1 Ke6 49. d5+ Kxd5 50. Rxf6 e4+ 51. Ke3 Rxa2 52. Rf5+ Ke6
53. Rxg5 Rxc2 54. Kxe4 Rd2 55. Ke3 b3 56. Rg6+ Kf7 57. Rb6 b2 58. g5 Rd7 0-1

[Event "1st CRO junior liga"]
[Site "Sveti Filip i Jakov"]
[Date "2018.04.03"]
[Round "2.8"]
[White "Ljubicic, Mario"]
[Black "Frouth, Vibor"]
[Result "1-0"]
[WhiteElo "1738"]
[BlackElo "1332"]
[PlyCount "61"]
[EventDate "2018.??.??"]
[WhiteClock "1:30:00"]
[BlackClock "1:30:00"]

1. e4 e5 2. Nf3 Nc6 3. Bc4 Bc5 4. b4 Bxb4 5. c3 Be7 6. d4 exd4 7. Qb3 d5 8.
Bxd5 Na5 9. Bxf7+ Kf8 10. Qa4 Kxf7 11. Qxa5 b6 12. Qb5 Nf6 13. Ne5+ Kf8 14. Qb3
Qe8 15. O-O Bd6 16. cxd4 Bxe5 17. dxe5 Qxe5 18. Nd2 Bb7 19. Re1 c5 20. Bb2 Qg5
21. Nf3 Qg6 22. Bxf6 Qxf6 23. e5 Qg6 24. e6 Ke7 25. Rad1 Rad8 26. Rd7+ Rxd7 27.
exd7+ Kd8 28. Qe3 Bxf3 29. Qe7+ Kc7 30. d8=Q+ Kc6 31. Qed7# 1-0

[Event "1st CRO junior liga"]
[Site "Sveti Filip i Jakov"]
[Date "2018.04.03"]
[Round "2.9"]
[White "Jambresic, Filip"]
[Black "Tica, Sven"]
[Result "0-1"]
[WhiteElo "2030"]
[BlackElo "2442"]
[PlyCount "76"]
[EventDate "2018.??.??"]
[WhiteClock "1:30:00"]
[BlackClock "1:30:00"]

1. Nf3 d5 2. c4 e6 3. cxd5 exd5 4. g3 Nf6 5. Bg2 Be7 6. O-O O-O 7. d3 c5 8. b3
Nc6 9. Bb2 d4 10. a3 Be6 11. Nbd2 Rc8 12. Rc1 Nd5 13. Re1 b6 14. e3 dxe3 15.
fxe3 Bf6 16. d4 cxd4 17. exd4 g6 18. Ne4 Bg7 19. Ne5 Nce7 20. Ng5 Bf5 21. g4
Rxc1 22. Bxc1 Bc8 23. Ne4 Be6 24. Bb2 Nf4 25. Ng5 Bc8 26. Nh3 Nxg2 27. Kxg2 f6
28. Nc4 Bb7+ 29. Kf2 Qc7 30. Kg1 Qc6 31. d5 Nxd5 32. Qf3 Re8 33. Rxe8+ Qxe8 34.
Kf2 Qe7 35. Nf4 Qc5+ 36. Kf1 b5 37. Ne6 Qe7 38. Nxg7 bxc4 0-1

[Event "1st CRO junior liga"]
[Site "Sveti Filip i Jakov"]
[Date "2018.04.03"]
[Round "2.10"]
[White "Makovec, Bruno"]
[Black "Golub, Nikolina"]
[Result "1-0"]
[WhiteElo "2313"]
[BlackElo "1870"]
[PlyCount "79"]
[EventDate "2018.??.??"]
[WhiteClock "1:30:00"]
[BlackClock "1:30:00"]

1. d4 Nf6 2. c4 e6 3. Nf3 d5 4. Nc3 Be7 5. Bf4 O-O 6. e3 c5 7. dxc5 Bxc5 8. Qc2
Qa5 9. Rc1 Ne4 10. Bd3 f5 11. O-O Nxc3 12. Qxc3 Qxc3 13. Rxc3 dxc4 14. Bxc4 Bb4
15. Rd3 Nc6 16. a3 Be7 17. Rfd1 Kh8 18. b4 a6 19. Ne5 Nxe5 20. Bxe5 b5 21. Bb3
a5 22. Bd6 Bxd6 23. Rxd6 axb4 24. axb4 Re8 25. Rd8 Bb7 26. Rxe8+ Rxe8 27. Bxe6
g6 28. Bd7 Rd8 29. Rd4 Ra8 30. h4 Ra1+ 31. Kh2 Be4 32. Bxb5 Ra2 33. Kg3 h6 34.
f3 Bb1 35. Bc6 Ra3 36. Kf4 Ra2 37. b5 Rb2 38. Ke5 Kg7 39. Kd6 Kf7 40. Kc7 1-0

[Event "1st CRO junior liga"]
[Site "Sveti Filip i Jakov"]
[Date "2018.04.03"]
[Round "2.11"]
[White "Rickovic, Tomislav"]
[Black "Toplak, Juraj"]
[Result "0-1"]
[WhiteElo "1622"]
[BlackElo "2029"]
[PlyCount "54"]
[EventDate "2018.??.??"]
[WhiteClock "1:30:00"]
[BlackClock "1:31:00"]

1. d4 Nf6 2. c4 e6 3. Nc3 Bb4 4. Nf3 O-O 5. Bg5 c5 6. e3 cxd4 7. exd4 h6 8. Bh4
d5 9. a3 Bxc3+ 10. bxc3 Qa5 11. Qb3 Ne4 12. Rc1 Nc6 13. Bd3 f5 14. cxd5 Qxd5
15. Qc2 Nd6 16. h3 e5 17. dxe5 Nxe5 18. Nxe5 Qxe5+ 19. Kf1 Re8 20. f3 Qf4 21.
Bf2 Be6 22. Bd4 Ne4 23. Bxe4 fxe4 24. Re1 exf3 25. gxf3 Qxf3+ 26. Qf2 Qxh1+ 27.
Ke2 Bc4+ 0-1

[Event "1st CRO junior liga"]
[Site "Sveti Filip i Jakov"]
[Date "2018.04.03"]
[Round "2.12"]
[White "Skrobar, David"]
[Black "Mesar, Vedran"]
[Result "1/2-1/2"]
[WhiteElo "1745"]
[BlackElo "1638"]
[PlyCount "84"]
[EventDate "2018.??.??"]
[WhiteClock "1:30:00"]
[BlackClock "1:30:00"]

1. d4 Nf6 2. Bg5 c5 3. Bxf6 exf6 4. c3 Nc6 5. Nf3 b6 6. e3 Bb7 7. g3 cxd4 8.
cxd4 Bb4+ 9. Nc3 O-O 10. Bg2 Rc8 11. Rc1 Ba6 12. Bf1 Bb7 13. Bg2 Na5 14. O-O
Bxc3 15. Rxc3 Rxc3 16. bxc3 Ba6 17. Re1 Qc7 18. Qa4 d5 19. Rc1 Qd6 20. Nd2 Bd3
21. Bf1 Bxf1 22. Kxf1 g5 23. Qc2 Qd7 24. e4 Rc8 25. Qd3 Nc4 26. Nxc4 Rxc4 27.
Re1 Qh3+ 28. Kg1 Qc8 29. Rc1 dxe4 30. Qxe4 Rxc3 31. Rxc3 Qxc3 32. Qe8+ Kg7 33.
d5 Qe5 34. Qc6 Qe4 35. a4 g4 36. Qd7 Qe1+ 37. Kg2 Qe4+ 38. Kf1 Qh1+ 39. Ke2
Qf3+ 40. Ke1 Qc3+ 41. Kf1 Qd3+ 42. Ke1 Qc3+ 1/2-1/2

[Event "1st CRO junior liga"]
[Site "Sveti Filip i Jakov"]
[Date "2018.04.03"]
[Round "2.13"]
[White "Plenca, Jadranko"]
[Black "Blazeka, Mihaela"]
[Result "1-0"]
[WhiteElo "2497"]
[BlackElo "2094"]
[PlyCount "75"]
[EventDate "2018.??.??"]
[WhiteClock "1:28:00"]
[BlackClock "1:30:00"]

1. e4 e5 2. Nf3 Nc6 3. Bb5 a6 4. Ba4 Nf6 5. d3 b5 6. Bb3 d6 7. Ng5 d5 8. exd5
Nd4 9. Nc3 Bb4 10. O-O Nxb3 11. axb3 Bxc3 12. bxc3 Qxd5 13. c4 bxc4 14. bxc4
Qd4 15. Ba3 Bg4 16. Nf3 Qf4 17. Re1 Nd7 18. d4 O-O-O 19. c3 h5 20. Qd2 Qxd2 21.
Nxd2 Rhe8 22. d5 Nb6 23. Bc5 Kb7 24. Reb1 Be2 25. Be3 f5 26. f3 f4 27. Bf2 Bd3
28. Rb2 e4 29. fxe4 Bxe4 30. Nxe4 Rxe4 31. c5 Rxd5 32. cxb6 c6 33. h3 a5 34.
Rba2 a4 35. Rxa4 Rxa4 36. Rxa4 Rd1+ 37. Kh2 Rd2 38. Rxf4 1-0

[Event "1st CRO junior liga"]
[Site "Sveti Filip i Jakov"]
[Date "2018.04.03"]
[Round "2.14"]
[White "Smetisko, Josip"]
[Black "Muha, Miljenko"]
[Result "0-1"]
[WhiteElo "1880"]
[BlackElo "2395"]
[PlyCount "80"]
[EventDate "2018.??.??"]
[WhiteClock "1:30:00"]
[BlackClock "1:30:00"]

1. e4 e6 2. d4 d5 3. exd5 exd5 4. Nc3 Bb4 5. Bd3 Nc6 6. a3 Bxc3+ 7. bxc3 Nge7
8. Qh5 Be6 9. Nh3 Qd7 10. Ng5 O-O-O 11. Nxe6 fxe6 12. O-O g6 13. Qh3 e5 14.
Qxd7+ Kxd7 15. dxe5 Nxe5 16. Bg5 Nxd3 17. cxd3 Rde8 18. d4 Nc8 19. Bf6 Rhf8 20.
Be5 Re6 21. Rab1 Rb6 22. f4 Nd6 23. Rb4 Nc4 24. a4 a5 25. Rxb6 Nxb6 26. Rb1 Kc6
27. Ra1 Nc4 28. Rb1 b6 29. g3 Kb7 30. Kg2 c6 31. g4 Ka6 32. g5 b5 33. axb5+
cxb5 34. Re1 a4 35. Bf6 a3 36. Re6+ Ka5 37. Kg3 a2 38. Be7 Ra8 39. Bb4+ Ka4 40.
Re1 Kb3 0-1

[Event "1st CRO junior liga"]
[Site "Sveti Filip i Jakov"]
[Date "2018.04.03"]
[Round "2.16"]
[White "Svabenic, Stjepan"]
[Black "Duda, Daniel"]
[Result "0-1"]
[WhiteElo "1225"]
[BlackElo "1972"]
[PlyCount "38"]
[EventDate "2018.??.??"]
[WhiteClock "1:30:00"]
[BlackClock "1:30:00"]

1. e4 c5 2. Nf3 g6 3. Nc3 Bg7 4. d4 cxd4 5. Nxd4 Nc6 6. Nxc6 bxc6 7. Bd2 e6 8.
Bc4 d5 9. Bb3 Ba6 10. Bf4 Ne7 11. Na4 O-O 12. exd5 exd5 13. Qd2 Nf5 14. c3 Re8+
15. Kd1 Re2 16. Qc1 Qe7 17. Bd2 Rxf2 18. g3 Qe2+ 19. Kc2 Bd3# 0-1

[Event "1st CRO junior liga"]
[Site "Sveti Filip i Jakov"]
[Date "2018.04.03"]
[Round "2.17"]
[White "Dasic, Jelena"]
[Black "Jurakic, Lukas"]
[Result "0-1"]
[WhiteElo "1823"]
[BlackElo "1698"]
[PlyCount "54"]
[EventDate "2018.??.??"]
[WhiteClock "1:25:00"]
[BlackClock "1:30:00"]

1. Nf3 Nf6 2. d4 g6 3. c4 Bg7 4. Nc3 d6 5. e4 O-O 6. Bd3 e5 7. d5 a5 8. O-O Na6
9. Ne1 Nc5 10. Bb1 Nh5 11. a4 Nf4 12. Ne2 Nxe2+ 13. Qxe2 Nb3 14. Ra3 Nxc1 15.
Qd2 Ne2+ 16. Qxe2 f5 17. Nf3 f4 18. Rc1 g5 19. c5 g4 20. Nd2 Qh4 21. g3 Qg5 22.
cxd6 cxd6 23. Nc4 fxg3 24. Rac3 gxf2+ 25. Kg2 g3 26. hxg3 Bg4 27. Qe3 Qh5 0-1

[Event "1st CRO junior liga"]
[Site "Sveti Filip i Jakov"]
[Date "2018.04.03"]
[Round "2.18"]
[White "Hajpek, Erik"]
[Black "Petrovic, David"]
[Result "1/2-1/2"]
[WhiteElo "1790"]
[BlackElo "1651"]
[PlyCount "36"]
[EventDate "2018.??.??"]
[WhiteClock "1:30:00"]
[BlackClock "1:30:00"]

1. e4 e5 2. Nf3 Nc6 3. Bb5 a6 4. Ba4 Nf6 5. O-O d6 6. Re1 Bg4 7. c3 Be7 8. d3
d5 9. Nbd2 dxe4 10. dxe4 O-O 11. h3 Bh5 12. Qe2 b5 13. Bc2 Bc5 14. Nf1 Bg6 15.
Ng3 Nh5 16. Nxh5 Bxh5 17. Be3 Bxe3 18. Qxe3 Qf6 1/2-1/2

[Event "1st CRO junior liga"]
[Site "Sveti Filip i Jakov"]
[Date "2018.04.03"]
[Round "2.19"]
[White "Jurotic, Nino"]
[Black "Drempetic, Mario"]
[Result "1/2-1/2"]
[WhiteElo "1617"]
[BlackElo "1767"]
[PlyCount "29"]
[EventDate "2018.??.??"]
[WhiteClock "1:25:00"]
[BlackClock "1:30:00"]

1. d4 d5 2. c4 e6 3. cxd5 exd5 4. Nc3 Nf6 5. Bg5 Nbd7 6. e3 c6 7. Nf3 Be7 8. g3
O-O 9. Bg2 Ne4 10. Bxe7 Qxe7 11. Nxe4 dxe4 12. Nd2 f5 13. O-O Nf6 14. Qc2 Be6
15. f3 1/2-1/2

[Event "1st CRO junior liga"]
[Site "Sveti Filip i Jakov"]
[Date "2018.04.03"]
[Round "2.20"]
[White "Hajpek, Egon"]
[Black "Vujic, Agata"]
[Result "1-0"]
[WhiteElo "1538"]
[BlackElo "1586"]
[PlyCount "41"]
[EventDate "2018.??.??"]
[WhiteClock "1:30:00"]
[BlackClock "1:30:00"]

1. e4 e5 2. Nf3 Nf6 3. Nc3 Nc6 4. d4 exd4 5. Nxd4 Bb4 6. Nxc6 bxc6 7. Bd3 h6 8.
O-O d6 9. Qf3 O-O 10. Bf4 Bc5 11. Rad1 Be6 12. e5 Bg4 13. Qg3 Bxd1 14. exf6
Qxf6 15. Ne4 Qxb2 16. Nxc5 Bxc2 17. Bxh6 dxc5 18. Bxc2 Kh8 19. Rb1 Qf6 20. Bg5
Qe6 21. Qh4+ 1-0

[Event "1st CRO junior liga"]
[Site "Sveti Filip i Jakov"]
[Date "2018.04.03"]
[Round "2.21"]
[White "Tomulic, Teo"]
[Black "Saric, Luka"]
[Result "1/2-1/2"]
[WhiteElo "2298"]
[BlackElo "2100"]
[PlyCount "174"]
[EventDate "2018.??.??"]
[WhiteClock "1:30:00"]
[BlackClock "1:30:00"]

1. e4 c5 2. Nf3 e6 3. d4 cxd4 4. Nxd4 Nc6 5. Nc3 Qc7 6. Be3 a6 7. Be2 Nf6 8.
O-O Bb4 9. Na4 Be7 10. Nxc6 bxc6 11. Qd3 Rb8 12. c4 c5 13. f4 d6 14. b3 O-O 15.
Bf3 Nd7 16. Rad1 Nb6 17. Nc3 Bb7 18. g4 Rbd8 19. g5 f5 20. gxf6 Bxf6 21. Ne2
Nc8 22. Ng3 g6 23. Qd2 Ne7 24. Qg2 Kh8 25. Bg4 Nf5 26. Bf2 Qc6 27. Rfe1 Nd4 28.
Qh3 Bg7 29. Kh1 Rxf4 30. Bxd4 Bxd4 31. Bxe6 Qe8 32. Bd5 Bc8 33. Qh6 Qf8 34.
Qxf8+ Rfxf8 35. e5 dxe5 36. Rf1 Bh3 37. Bg2 Bxg2+ 38. Kxg2 Kg7 39. Ne4 h6 40.
h4 Ra8 41. Kg3 Rf5 42. Nd6 Rff8 43. Ne4 a5 44. Kg4 a4 45. h5 axb3 46. axb3 Rab8
47. hxg6 Kxg6 48. Rb1 h5+ 49. Kh4 Rf4+ 50. Rxf4 exf4 51. Rf1 Kf5 52. Ng3+ Ke5
53. Nxh5 Be3 54. Kg4 Rxb3 55. Nxf4 Bxf4 56. Rxf4 Rd3 57. Rf1 Kd4 58. Rf4+ Kc3
59. Kf5 Rd4 60. Rf1 Kxc4 61. Ke5 Rd2 62. Rc1+ Kb4 63. Rb1+ Kc4 64. Rc1+ Kb5 65.
Rb1+ Kc6 66. Ke4 c4 67. Ke3 Rd3+ 68. Ke2 Kc5 69. Rd1 Rh3 70. Kd2 Kb4 71. Rb1+
Rb3 72. Ra1 Rb2+ 73. Kc1 Kb3 74. Ra8 Rc2+ 75. Kd1 Rh2 76. Rc8 Rh1+ 77. Kd2 Rh2+
78. Kd1 Kc3 79. Rc7 Rh1+ 80. Ke2 Rh4 81. Kd1 Rd4+ 82. Kc1 Kd3 83. Rh7 c3 84.
Rh3+ Kc4 85. Rh8 Rg4 86. Rc8+ Kd3 87. Rd8+ Rd4 1/2-1/2

[Event "1st CRO junior liga"]
[Site "Sveti Filip i Jakov"]
[Date "2018.04.03"]
[Round "2.22"]
[White "Cotic, Borna"]
[Black "Safar, Sandro"]
[Result "0-1"]
[WhiteElo "2028"]
[BlackElo "2224"]
[PlyCount "102"]
[EventDate "2018.??.??"]
[WhiteClock "1:30:00"]
[BlackClock "1:30:00"]

1. e4 c5 2. Nf3 Nc6 3. Bb5 g6 4. Bxc6 dxc6 5. d3 Bg7 6. h3 b6 7. O-O Ba6 8. Qe2
Nf6 9. Nc3 O-O 10. Be3 Ne8 11. Qd2 e5 12. Bh6 f6 13. Bxg7 Nxg7 14. a4 Ne6 15.
Rfd1 Rf7 16. Ne2 Qd6 17. a5 b5 18. b3 Rd8 19. Qe1 Rfd7 20. Nc3 Nd4 21. Nxd4
cxd4 22. Ne2 c5 23. Qd2 Rc7 24. f4 c4 25. fxe5 fxe5 26. Rf1 cxb3 27. cxb3 b4
28. Rf3 Rf8 29. Rxf8+ Qxf8 30. Rf1 Rf7 31. Rxf7 Kxf7 32. Nc1 Qc5 33. Na2 Qxa5
34. Nxb4 Kg8 35. Kf2 Bxd3 36. Qxd3 Qxb4 37. Qc2 Qb6 38. Qc4+ Kg7 39. Ke2 a6 40.
Kd2 Qa5+ 41. b4 Qa3 42. Qc7+ Kh6 43. Qxe5 Qe3+ 44. Kc2 d3+ 45. Kb2 Qf2+ 46. Ka3
d2 47. Qd6 Qxg2 48. Qf4+ Kh5 49. Qe5+ g5 50. Qe8+ Kh4 51. Qd7 Qf3+ 0-1

[Event "1st CRO junior liga"]
[Site "Sveti Filip i Jakov"]
[Date "2018.04.03"]
[Round "2.23"]
[White "Batory, Lucija"]
[Black "Simunic, Krunoslav"]
[Result "0-1"]
[WhiteElo "1692"]
[BlackElo "2060"]
[PlyCount "34"]
[EventDate "2018.??.??"]
[WhiteClock "1:30:00"]
[BlackClock "1:30:00"]

1. e4 e6 2. Nc3 d5 3. Nf3 Nf6 4. e5 Nfd7 5. d4 c5 6. Bf4 Nc6 7. dxc5 Bxc5 8.
Bb5 f6 9. exf6 Qxf6 10. Bg5 Qf7 11. O-O O-O 12. Qd2 a6 13. Ba4 h6 14. Be3 Qg6
15. Nd4 Nde5 16. Kh1 Nc4 17. Qc1 Nxd4 0-1

[Event "1st CRO junior liga"]
[Site "Sveti Filip i Jakov"]
[Date "2018.04.03"]
[Round "2.24"]
[White "Baric, Marko"]
[Black "Troselj, Ivan"]
[Result "1-0"]
[WhiteElo "1638"]
[BlackElo "1722"]
[PlyCount "91"]
[EventDate "2018.??.??"]
[WhiteClock "1:30:00"]
[BlackClock "1:30:00"]

1. e4 e5 2. Nf3 Nc6 3. Bb5 a6 4. Ba4 d6 5. d4 exd4 6. Nxd4 Bd7 7. O-O Nxd4 8.
Bxd7+ Qxd7 9. Qxd4 Be7 10. Qxg7 Bf6 11. Qg3 Ne7 12. Nc3 O-O-O 13. Qf3 Be5 14.
Nd5 Nxd5 15. exd5 Rhg8 16. c3 h5 17. Kh1 Qg4 18. Qxg4+ hxg4 19. g3 Rg7 20. Kg2
f5 21. f4 gxf3+ 22. Rxf3 Rf7 23. Bf4 Kd7 24. Raf1 Re8 25. Bxe5 Rxe5 26. c4 c6
27. dxc6+ Kxc6 28. h3 Kc5 29. b3 b5 30. Rf4 bxc4 31. Rxc4+ Kd5 32. Rf2 Re4 33.
Rxe4 Kxe4 34. g4 f4 35. Re2+ Kd3 36. Kf3 d5 37. g5 Rh7 38. Re5 d4 39. g6 Rd7
40. Rf5 Kc2 41. Rf7 Rd8 42. g7 Rg8 43. Rc7+ Kd2 44. Kf2 d3 45. h4 Re8 46. h5
1-0

[Event "1st CRO junior liga"]
[Site "Sveti Filip i Jakov"]
[Date "2018.04.04"]
[Round "3.1"]
[White "Cotic, Borna"]
[Black "Zadravec, Matija"]
[Result "1/2-1/2"]
[WhiteElo "2028"]
[BlackElo "2206"]
[PlyCount "73"]
[EventDate "2018.??.??"]
[WhiteClock "1:28:00"]
[BlackClock "1:30:00"]

1. e4 c5 2. Nf3 g6 3. c4 Nc6 4. d4 cxd4 5. Nxd4 Nf6 6. Nc3 d6 7. Be2 Nxd4 8.
Qxd4 Bg7 9. Be3 O-O 10. Qd2 a5 11. f3 a4 12. Rc1 Qa5 13. O-O Be6 14. Rfd1 Rfc8
15. b3 axb3 16. axb3 Qb4 17. Nd5 Qxd2 18. Bxd2 Nxd5 19. cxd5 Rxc1 20. Rxc1 Bd4+
21. Kf1 Bc8 22. Bc3 Bb6 23. Ra1 Rb8 24. Bb5 Kf8 25. Ke2 e5 26. Rc1 Ke7 27. h3
g5 28. g4 Bd7 29. Bxd7 Kxd7 30. Bd2 Bd8 31. Ra1 Rc8 32. Kd3 f6 33. h4 h6 34.
hxg5 hxg5 35. Ra7 Rb8 36. Ra1 Be7 37. Ra7 1/2-1/2

[Event "1st CRO junior liga"]
[Site "Sveti Filip i Jakov"]
[Date "2018.04.04"]
[Round "3.2"]
[White "Dabic, Stjepan"]
[Black "Simunic, Krunoslav"]
[Result "1/2-1/2"]
[WhiteElo "2012"]
[BlackElo "2060"]
[PlyCount "40"]
[EventDate "2018.??.??"]
[WhiteClock "1:30:00"]
[BlackClock "1:30:00"]

1. d4 Nf6 2. c4 e6 3. Nc3 d5 4. cxd5 exd5 5. Bg5 c6 6. e3 h6 7. Bh4 Bf5 8. Qf3
Bg6 9. Bxf6 gxf6 10. Nge2 Qb6 11. b3 Nd7 12. e4 dxe4 13. Qe3 O-O-O 14. O-O-O f5
15. g3 Nf6 16. Bh3 Kb8 17. Bxf5 Bxf5 18. Qf4+ Ka8 19. Qxf5 Bg7 20. Rhe1 Rhe8
1/2-1/2

[Event "1st CRO junior liga"]
[Site "Sveti Filip i Jakov"]
[Date "2018.04.04"]
[Round "3.3"]
[White "Baric, Marko"]
[Black "Kanizaj, Benjamin"]
[Result "0-1"]
[WhiteElo "1638"]
[BlackElo "1940"]
[PlyCount "124"]
[EventDate "2018.??.??"]
[WhiteClock "1:28:00"]
[BlackClock "1:30:00"]

1. e4 c5 2. Nf3 d6 3. Bb5+ Bd7 4. Bxd7+ Qxd7 5. d4 cxd4 6. Nxd4 Nf6 7. Nc3 e6
8. O-O Be7 9. Be3 Nc6 10. Nxc6 bxc6 11. Qd3 O-O 12. Rad1 Rfc8 13. e5 Nd5 14.
exd6 Qxd6 15. Rfe1 Qb4 16. Nxd5 cxd5 17. Bd4 Bc5 18. Bxc5 Rxc5 19. Rb1 Rac8 20.
c3 Qa4 21. Ra1 a5 22. Red1 Qc6 23. Qc2 a4 24. a3 Rc4 25. Rd3 g6 26. Rad1 Qb6
27. Qe2 Re4 28. Qd2 Rb8 29. Rb1 Qb3 30. h3 Qa2 31. Qd1 Rxb2 32. Rxb2 Qxb2 33.
Qf3 Qxa3 34. Kh2 Qd6+ 35. g3 Qc5 36. h4 Rc4 37. h5 a3 38. Rd2 Rxc3 39. Qf6 Rc4
40. h6 Qf8 41. Qg5 f6 42. Qe3 Re4 43. Qc3 Qxh6+ 44. Kg2 Qf8 45. Ra2 Rc4 46. Qe3
Re4 47. Qc3 Ra4 48. Qc6 Ra7 49. Qxe6+ Qf7 50. Qc8+ Kg7 51. Qc5 d4 52. Rxa3 Rxa3
53. Qxa3 Qd5+ 54. f3 Qe5 55. Qd3 h6 56. Qd2 g5 57. Qd3 h5 58. Qc2 Kh6 59. Qd3
h4 60. gxh4 gxh4 61. Qd2+ Qg5+ 62. Qxg5+ fxg5 0-1

[Event "1st CRO junior liga"]
[Site "Sveti Filip i Jakov"]
[Date "2018.04.04"]
[Round "3.4"]
[White "Colev, Ivor"]
[Black "Denic, Marin"]
[Result "1-0"]
[WhiteElo "1618"]
[BlackElo "1523"]
[PlyCount "129"]
[EventDate "2018.??.??"]
[WhiteClock "1:30:00"]
[BlackClock "1:30:00"]

1. e4 e5 2. Nf3 Nc6 3. Bb5 a6 4. Ba4 Nf6 5. O-O Be7 6. Re1 b5 7. Bb3 d6 8. h3
Bb7 9. c3 O-O 10. d4 exd4 11. cxd4 Na5 12. Bc2 c5 13. d5 Nc4 14. b3 Nb6 15. Bb2
Re8 16. Nbd2 Nfd7 17. Nf1 Bf6 18. Bxf6 Qxf6 19. Ne3 Rac8 20. Nd2 Ne5 21. Ng4
Nxg4 22. hxg4 c4 23. g3 cxb3 24. Nxb3 Nc4 25. Kg2 Rc7 26. Rh1 h6 27. Rh5 Rec8
28. Bb1 Na5 29. e5 Qe6 30. Nxa5 Bxd5+ 31. Kh2 Rc1 32. Bh7+ Kxh7 33. Rxc1 Rxc1
34. Qxc1 Qxg4 35. Rh3 Qf3 36. Qf1 dxe5 37. Nb3 Be6 38. Rh4 g5 39. Rb4 Qh5+ 40.
Kg1 Bc4 41. Qb1+ Kg7 42. Nd2 Bd5 43. f3 Qh3 44. Qe1 f6 45. a3 h5 46. Rb2 g4 47.
Qf2 h4 48. gxh4 gxf3 49. Rb4 e4 50. Nf1 f5 51. Ne3 Be6 52. Nf1 f4 53. Rxe4 Qg4+
54. Kh1 Kg6 55. Qg1 Qxg1+ 56. Kxg1 Kf5 57. Rxe6 Kxe6 58. Kf2 a5 59. Kxf3 Kf5
60. Nd2 b4 61. a4 Kg6 62. Kxf4 Kh5 63. Ke4 Kxh4 64. Kd4 Kg4 65. Nb3 1-0

[Event "1st CRO junior liga"]
[Site "Sveti Filip i Jakov"]
[Date "2018.04.04"]
[Round "3.5"]
[White "Jurakic, Lukas"]
[Black "Tomulic, Teo"]
[Result "0-1"]
[WhiteElo "1698"]
[BlackElo "2298"]
[PlyCount "106"]
[EventDate "2018.??.??"]
[WhiteClock "1:30:00"]
[BlackClock "1:30:00"]

1. e4 c5 2. Nf3 e6 3. d4 cxd4 4. Nxd4 a6 5. c4 Nf6 6. Nc3 Qc7 7. Be3 b6 8. Be2
Bb7 9. f3 Be7 10. O-O d6 11. Qd2 O-O 12. Rac1 Nbd7 13. Rfd1 Rfd8 14. Qe1 Rac8
15. Qf2 Qb8 16. Nc2 Bc6 17. a4 Qa8 18. b4 d5 19. b5 Bb7 20. exd5 exd5 21. Nd4
Ba3 22. Rc2 dxc4 23. Nf5 Qb8 24. Nb1 Bc5 25. Bxc5 Rxc5 26. Nd6 Bd5 27. Nxc4
axb5 28. axb5 Bxc4 29. Bxc4 Ne5 30. Rxd8+ Qxd8 31. Bf1 Rxc2 32. Qxc2 h6 33. Qd2
Qc7 34. Qd4 Ned7 35. Nc3 Kf8 36. g3 Nc5 37. Kf2 Ne6 38. Qe3 Ke7 39. Qd3 Qc5+
40. Qe3 Qb4 41. Be2 g5 42. Qe5 Qd6 43. Qe3 Qc7 44. Qd3 Qe5 45. Qe3 Qd6 46. Bc4
Qb4 47. Qd3 g4 48. f4 Qxc3 49. Qxc3 Ne4+ 50. Ke3 Nxc3 51. f5 Nc7 52. Kf4 N7xb5
53. Kxg4 Nd6 0-1